Sedem rekordov štadióna Medzinárodný atletický míting Košice '95

Bibliographic Details
Main Author: (ajo) (Author)
Format: Article
Language:Slovak
Subjects:

MARC

LEADER 00000nab a2200000 a 4500
001 vtls000922170
003 SK-MaSNL
005 20260303185604.0
008 190318e19950502xo 0 slo
035 |a KE31047 
040 |a KEVKJB  |b slo  |c KEVKJB  |e AACR2 
041 0 |a slo 
044 |a xo  |c SK 
080 |a 796.42  |2 1981 
100 0 |a (ajo)  |4 aut  |9 879407 
245 1 0 |a Sedem rekordov štadióna  |b Medzinárodný atletický míting Košice '95 
611 2 7 |a Medzinárodný atletický míting  |d (1995 :  |c Košice, Slovensko)  |2 KEVKJB  |9 160022 
650 0 7 |a atletika  |2 KEVKJB  |9 3279 
650 0 7 |a muži  |2 KEVKJB  |9 4888 
650 0 7 |a ženy  |2 KEVKJB  |9 4865 
650 0 7 |a umiestnenia jednotlivé  |2 KEVKJB  |9 1016600 
651 7 |a Košice (Slovensko)  |2 KEVKJB  |9 18694 
651 7 |a KE,  |2 KEVKJB  |9 877256 
655 7 |a periodikum  |2 snkbucl  |9 29553 
773 0 8 |t Šport  |g Roč. 49  |g Roč. 20, č.100, 2.5.1995, s. 20 
852 |a ZVYKNI  |b KIS3GCP 
999 |c 2132011  |d 2133941